000 00379nam a2200145Ia 4500
003 OSt
005 20240111163515.0
008 170523s9999 xx 000 0 und d
020 _a9798188429539
040 _ciimt university meerut
100 _aLAKSHMINARAYANAN, K.R
245 0 _aENGLISH FOR TECHNICAL COMMUNICATION
260 _aNew Delhi : Vayu Education
942 _2ddc
_c02
999 _c11703
_d11703